000 00731cab a2200241 4500
001 ABS49081
008 090401t1993 xxu||||| |||| 00| 0 eng d
035 _a(Sirsi) u69841
041 _aeng
100 _aFowler, D.
245 _aParallel shines
260 _c1993
350 _a0
490 _aNew Civil Engineer
_v24 June 1993, 16-21(4)
520 _aExplains the concept of parallel road widening as pioneered on the M5, and assesses its advantages over the traditional contraflow methods.
650 _aMOTORWAYS
650 _aPARALLEL WIDENING
650 _aTRAFFIC MANAGEMENT
690 _aHIGHWAYS RIGHTS OF WAY AND EASEMENTS
690 _aTRANSPORT AND COMMUNICATIONS
942 _n0
948 _c04/03/1997
999 _c43910
_d43910